All the President's children - Statistics

General Stats
  • This quiz has been taken 62 times
  • The average score is 17 of 20
Answer Stats
Hint Answer % Correct
Donald Jr., Ivanka, Eric, Tiffany, Barron Donald Trump
100%
George, Robin, Jeb, Neil, Marvin, Dorothy George H W Bush
98%
Malia, Sasha Barack Obama
96%
Abigail, John Quincy, Susanna, Charles, Thomas, Elizabeth John Adams
96%
Arabella, Caroline, John Jr., Patrick John Kennedy
96%
Chelsea Bill Clinton
94%
Alice, Theodore III, Kermit, Ethel, Archibald, Quentin Theodore Roosevelt
94%
Patricia, Julie Richard Nixon
90%
Frederick, Ulysses Jr., Nellie, Jesse Ulysses S. Grant
90%
John, Calvin Calvin Coolidge
88%
Robert, Edward, William, Thomas Abraham Lincoln
86%
Maureen, Michael, Christine, Patti, Ron Ronald Reagan
86%
Doud, John Dwight D. Eisenhower
82%
Michael, Jack, Steven, Susan Gerald Ford
82%
Jack, James III, Donnel, Amy Jimmy Carter
80%
Martha, Charles, Mary, Robert, Andrew Jnr Andrew Johnson
75%
Eliza, James, Maria James Monroe
69%
Abraham, John, Martin Jr., Smith, Winfield Martin Van Buren
65%
Ruth, Esther, Marion, Richard, Francis Grover Cleveland
57%
Margaret, Jessie, Eleanor Woodrow Wilson
47%
No matching quizzes found
Score Distribution
Percent of People with Each Score
Percentile by Number Answered
Your Score History
You have not taken this quiz